Yandaboor pora swarajaloi: (Record no. 11799)

MARC details
000 -LEADER
fixed length control field 00601nam a22001937a 4500
005 - DATE AND TIME OF LATEST TRANSACTION
control field 20240506065613.0
008 - FIXED-LENGTH DATA ELEMENTS--GENERAL INFORMATION
fixed length control field 240506b |||||||| |||| 00| 0 eng d
020 ## - INTERNATIONAL STANDARD BOOK NUMBER
International Standard Book Number 9789391661304
040 ## - CATALOGING SOURCE
Original cataloging agency IN-DiNC
Transcribing agency IN-DiNC
041 ## - LANGUAGE CODE
Language code of sung or spoken text Assamese
082 ## - DEWEY DECIMAL CLASSIFICATION NUMBER
Classification number 954.162
Item number BOR
100 ## - MAIN ENTRY--PERSONAL NAME
Personal name Bora, Kalyan
Relator term Author
245 ## - TITLE STATEMENT
Title Yandaboor pora swarajaloi:
Remainder of title 1826-1947, uponibeshik kalar Asamar rajnaitik, artha samajik aru sangrami dastabej/
Statement of responsibility, etc. by Kalyan Bora
250 ## - EDITION STATEMENT
Edition statement 1st ed.
260 ## - PUBLICATION, DISTRIBUTION, ETC.
Place of publication, distribution, etc. Meerut:
Name of publisher, distributor, etc. Balaji publishers,
Date of publication, distribution, etc. 2022.
300 ## - PHYSICAL DESCRIPTION
Extent 288p.
650 ## - SUBJECT ADDED ENTRY--TOPICAL TERM
Topical term or geographic name entry element Treaty of Yandaboo from 1826-1947
942 ## - ADDED ENTRY ELEMENTS (KOHA)
Source of classification or shelving scheme Dewey Decimal Classification
Koha item type Books
Holdings
Withdrawn status Lost status Source of classification or shelving scheme Damaged status Not for loan Collection code Home library Current library Shelving location Date acquired Cost, normal purchase price Total Checkouts Full call number Barcode Date last seen Copy number Price effective from Koha item type
    Dewey Decimal Classification     History Naharkatiya College Library Naharkatiya College Library General Stacks 06/05/2024 695.00   954.162 BOR 29976 06/05/2024 1 06/05/2024 Books

Naharkatiya College © 2020. All rights reserved.

Powered By